Películas con más premios Oscar - Estadísticas

Estadísticas generales
  • Esta prueba ha sido intentada 723 veces
    680 desde el último reinicio
  • La puntuación promedio es 8 de 26
Estadísticas de respuestas
Año Pista Película % Correcto
11 1997 Leonardo DiCaprio Titanic
97%
11 1959 Charlton Heston Ben-Hur
54%
11 2003 Final de la trilogía El Señor de los Anillos: el retorno del Rey
54%
8 1984 Biografía de un famoso compositor Amadeus
49%
8 1982 Biografía de un famoso lider indio Gandhi
49%
8 1939 Clark Gable-Vivien Leigh Lo que el viento se llevó
48%
7 1993 Spielberg sobre la WWII La lista de Schindler
41%
7 2013 Taquillazo sobre el espacio exterior Gravity
39%
8 2008 ¿Quién quiere ser millonario? Slumdog Millionaire
39%
10 1961 Musical sobre NY West Side Story
38%
7 1998 Gwyneth Paltrow Shakespeare enamorado
35%
8 1972 Gran éxito de Liza Minnelli Cabaret
34%
7 1985 Meryl Streep-Robert Redford Memorias de África
31%
7 1990 Momento culmen de Kevin Costner Bailando con lobos
30%
7 1973 Paul Newman-Robert Redford El golpe
30%
7 1970 Famoso general americano Patton
27%
9 1987 Biografía de Aisin-Gioro Pu Yi El último emperador
25%
9 1996 Dir: Anthony Minghella El paciente inglés
20%
7 1962 Obra maestra de David Lean (2) Lawrence de Arabia
19%
8 1964 Musical con Audrey Hepburn My Fair Lady
19%
8 1954 Prota: Marlon Brando La ley del silencio
13%
8 1953 Prota: Burt Lancaster De aquí a la eternidad
12%
7 1957 Obra maestra de David Lean El puente sobre el rio Kwai
12%
9 1958 Dir: Vicente Minnelli Gigi
9%
7 1944 Prota: Bing Crosby Siguiendo mi camino
5%
7 1946 Dir: William Wyler Los mejores años de nuestra vida
4%
No se encontraron pruebas coincidentes
Distribución de puntuación
Porcentaje de gente con cada puntuación
Porcentaje por número respondido
Historial de tus puntuaciones
No has intentado esta prueba desde el último reinicio